000 00680nam a2200205Ia 4500
003 GCL
008 140319s9999 xx 000 0 ara d
040 _aGCL /
_cGCL
082 0 4 _aق
_b256.4
_bا م
100 1 _aكاهن , كلود
245 1 0 _aالمنتقى من كتاب المنهاج فى علم فراج مصر /
_cكاهن , كلود
700 1 _aالمخزومى, ابىالحسن علىبن عثمان
300 _a83 ص
490 _aملحق حوليات اسلامية
_v0
650 0 4 _aالاقتصاد الاسلامى
650 0 4 _aالخراج - مصر
650 0 4 _aبيت المال - مصر
650 0 4 _aالضرائب - مصر
942 _2ddc
_cBK
999 _c51653
_d51653